រុក្ខជាតិនៅកម្ពុជា (Record no. 9134)

000 -LEADER
fixed length control field 00300nam a22001217a 4500
040 ## - CATALOGING SOURCE
Transcribing agency SY
082 ## - DEWEY DECIMAL CLASSIFICATION NUMBER
Classification number 634
100 ## - MAIN ENTRY--AUTHOR NAME
Personal name ប៊ែរណា រ៉ូឡេ
245 ## - TITLE STATEMENT
Title រុក្ខជាតិនៅកម្ពុជា
260 ## - PUBLICATION, DISTRIBUTION, ETC. (IMPRINT)
Place of publication RUA
Name of publisher ប៊ែរណា
Year of publication 1985
300 ## - PHYSICAL DESCRIPTION
Number of Pages 79p.
942 ## - ADDED ENTRY ELEMENTS (KOHA)
Koha item type សៀវភៅភាសាខ្មែរ
952 ## - LOCATION AND ITEM INFORMATION (KOHA)
Withdrawn status [LOCAL, KOHA] 0
952 ## - LOCATION AND ITEM INFORMATION (KOHA)
Withdrawn status [LOCAL, KOHA] 0
Holdings
Permanent Location Date acquired Koha item type Lost status Shelving location Barcode Current Location Full call number
Library Block C2016-08-25សៀវភៅភាសាខ្មែរ C256RUA44169Library Block C634 ប៊ែរណា 1985 C256
Library Block C2016-08-25សៀវភៅភាសាខ្មែរ C256RUA44060Library Block C634 ប៊ែរណា 1985 C256
មជ្ឈមណ្ឌលឯការនៃសាកលវិទ្យាល័យភូមិន្ទកសិកម្មចំការដូង

Powered by Koha